LEADER 01114nam a2200277 u 4500 001 000000030556 003 CaOOAMICUS 005 20070226112036.0 008 970917s1994 it u000 u ita u 020 $a8810302184 035 $a10769676 040 $aPUL$bita 100 1 $aDeiana, Giovanni.$0(OLS)http://pul/name/1248 245 13$aIl giorno dell'espiazione :$bil kippur nella tradizione biblica /$cGiovanni Deiana. 260 $aBologna :$bEd. Dehoniane,$cc1994. 300 $a218 p. ;$c24 cm 490 1 $aRivista biblica.$aSupplementi ;$v30 500 $aIndici: p. 216-218. 830 0$aRivista biblica.$pSupplementi ;$v30.$0(OLS)http://pul/title/7358 850 $aPUL 852 $aPUL$W1$xSL Religione 1$y3$m1(6) I 6$j42245$nBK-PRI$b $qStampati$B42245$CPULBib$Z2$F42245 $H $81 941 1 $a8 961 $aINV: 73845 996 $6020$a8810302184$9(OLS)http://pul/number/38331 996 $6245$aIl giorno dell'espiazione :$bil kippur nella tradizione biblica$9(OLS)http://pul/title/41970 996 $6260$aBologna :$bEd. Dehoniane$9(OLS)http://pul/publisher/48282 LEADER 01338nam a2200301 u 4500 001 000000046810 003 CaOOAMICUS 005 20070226114820.0 008 990720s1983 moua u000 u eng u 020 $a093537213X 035 $a10830313 040 $aPUL(R)$bita 245 00$aSex and gender :$ba theological and scientific inquiry /$cedited by Mark F. Schwartz, Sc.D. Albert S. Moraczewski, o.P., Ph.D., James A. Monteleone, M.D. 260 $aSt. Louis (Miss.) :$bThe Pope John Center,$c1983. 300 $axvi, 385 p. :$bill. ;$c22 cm 500 $aContiene indici. 504 $aBibliografia in nota. 650 4$aSesso$xAspetti morali e religiosi.$0(OLS)http://pul/subject/6711 700 1 $aSchwartz, Mark F.$0(OLS)http://pul/name/34067 700 1 $aMonteleone, James A.$0(OLS)http://pul/name/34068 700 1 $aMoraczewski, Albert.$0(OLS)http://pul/name/33937 850 $aPUL 852 $aPUL$W1$xSL Religione 1$y3$m39 D 118$j62653$nBK-PRI$b $qStampati$B62653$CPULBib$Z2$F62653 $H $81 941 1 $a8 961 $aINV: 64503 996 $6020$a093537213X$9(OLS)http://pul/number/58371 996 $6245$aSex and gender :$ba theological and scientific inquiry$9(OLS)http://pul/title/63028 996 $6260$aSt. Louis (Miss.) :$bThe Pope John Center$9(OLS)http://pul/publisher/66665